Pile Foundations (Record no. 546452)

000 -LEADER
fixed length control field 00625cam a22002053u 4500
020 ## - INTERNATIONAL STANDARD BOOK NUMBER
International Standard Book Number 0784476314
020 ## - INTERNATIONAL STANDARD BOOK NUMBER
International Standard Book Number 9780784476314
082 ## - DEWEY DECIMAL CLASSIFICATION NUMBER
Classification number 624.154
Author Mark MOH
-- L-16, P-55
100 ## - MAIN ENTRY--PERSONAL NAME
Personal name Mohan, Dinesh.
9 (RLIN) 42575
245 00 - TITLE STATEMENT
Title Pile Foundations
260 ## - PUBLICATION, DISTRIBUTION, ETC.
Place of publication, distribution, etc. New Delhi :
Name of publisher, distributor, etc. Oxford &V IBH Publishing Co. PVT LTD,
Date of publication, distribution, etc. 1988c.
300 ## - PHYSICAL DESCRIPTION
Extent ix, 169 p.:
500 ## - GENERAL NOTE
General note Title from content provider.
526 ## - STUDY PROGRAM INFORMATION NOTE
Program name 0
Interest level 0
Reading level 0
Title point value 624_154000000000000_MOH
526 ## - STUDY PROGRAM INFORMATION NOTE
Program name 0
Interest level 0
Reading level 0
Title point value 624_154000000000000_MOH
650 ## - SUBJECT ADDED ENTRY--TOPICAL TERM
Topical term or geographic name entry element MCE
9 (RLIN) 379
700 1# - ADDED ENTRY--PERSONAL NAME
Personal name Sevi.
9 (RLIN) 42576
856 40 - ELECTRONIC LOCATION AND ACCESS
Uniform Resource Identifier <a href="http://www.columbia.edu/cgi-bin/cul/resolve?clio10354976">http://www.columbia.edu/cgi-bin/cul/resolve?clio10354976</a>
942 ## - ADDED ENTRY ELEMENTS (KOHA)
Source of classification or shelving scheme
Koha item type Book
Holdings
Withdrawn status Lost status Source of classification or shelving scheme Damaged status Not for loan Permanent Location Current Location Date acquired Total Checkouts Full call number Barcode Date last seen Price effective from Koha item type
          Military College of Engineering (MCE) Military College of Engineering (MCE) 06/12/2014   624.154 MOH MCE-24719 06/12/2014 06/12/2014 Book
          Military College of Engineering (MCE) Military College of Engineering (MCE) 06/12/2014   624.154 MOH MCE-24306 06/12/2014 06/12/2014 Book
© 2023 Central Library, National University of Sciences and Technology. All Rights Reserved.